000
00253nam a2200109Ia 4500
008
231212s1984 xx 000 0 und d
041
_a
eng
082
_a
621.381
100
_a
Malvino
245
_a
Electronic Principles
260
_a
Delhi
_b
Tata Mc
_c
1984
999
_c
959345
_d
959345